1442 1288 1755 1981 1787 1025 1902 1175 1698 1008 1984 1025 1547 1959 1049 1768 1590 1654 1302 1760 1775 1459 1910 1837 1753 1928 1944 1488 1113 1275 1387 1654 1100 1322 1943 1490 1868 1393 1585 1385 1074 1072 1265 1509 1006 1542 1828 1370 1504 1329 1775 1163 1769 1419 1786 1691 1116 1879 1323 1760 1171 1724 1498 1926 1787 1448 1074 1203 1168 1197 1426 1815 1651 1924 1080 1304 1986 1251 1121 1484 1432 1469 1544 1350 1293 1666 1434 1262 1174 1058 1869 1507 1390 1337 1935 1419 1754 1873 1559 BCNSPRNW ULIB Ver.6.0+V

เปลี่ยนเป็นภาษาไทย

Change to English
 แสดงรายละเอียดบรรณานุกรม
  กลับหน้าหลัก

Brief Record : Get Marc (ISO 2709) : E-mail record : QR code < ปิดหน้าต่าง
LEADER : 00000nam a2200000Ia 4500
001    13399119964
003     ULIB
008    111221s2554 th a 000 0 tha d
020    ^a9789741115426
060 04 ^aWY152^bศ371
245 00 ^aศาสตร์และศิลป์การพยาบาลผู้สูงอายุ /^cวิไลวรรณ ทองเจริญ, บรรณาธิการ
250    ^aพิมพ์ครั้งที่ 1
260    ^aกรุงเทพฯ :^bโครงการตำราคณะพยาบาลศาสตร์ มหาวิทยาลัยมหิดล, ^c2554
300    ^a(10), 366 หน้า :^bภาพประกอบ ;^c26 ซม.
650  4 ^aผู้สูงอายุ^xการพยาบาล
650  7 ^a การพยาบาลผู้สูงอายุ
700 0  ^aวิไลวรรณ ทองเจริญ,^eบรรณาธิการ
710 2  ^aมหาวิทยาลัยมหิดล. ^bคณะพยาบาลศาสตร์
945    ^p350^l0^i19216
945    ^p350^l0^i19217
945    ^p350^l0^i19218
945    ^p350^l0^i19582
945    ^p350^l0^i19583
995    ^aเกษร
999    ^aใช้งานได้ทุกระบบ
รายการนี้ยังไม่มีแท็ก
คุณยังไม่ได้ล็อกอิน คุณสามารถมีกิจกรรมร่วมกับเว็บไซต์ได้ แต่ต้องล็อกอินก่อน ::
  ล็อกอิน

รายการสื่อสารสนเทศ

ลำดับที่ ประเภท เลขเรียก/บาร์โค้ด สถานที่ สถานะ
1. Book การพยาบาล
Book การพยาบาล
สถานะ=หนังสือเก่า
WY152 ศ371 ฉ.1 
  Barcode: 19216
ห้องสมุดวิทยาเขตนครสวรรค์
►ส่วนจัดเก็บหนังสือเก่า นว.
บนชั้น
  ขอยืม
2. Book การพยาบาล
Book การพยาบาล
สถานะ=หนังสือเก่า
WY152 ศ371 ฉ.2 
  Barcode: 19217
ห้องสมุดวิทยาเขตนครสวรรค์
►ส่วนจัดเก็บหนังสือเก่า นว.
บนชั้น
  ขอยืม
3. Book การพยาบาล
Book การพยาบาล
สถานะ=หนังสือเก่า
WY152 ศ371 ฉ.3 
  Barcode: 19218
ห้องสมุดวิทยาเขตนครสวรรค์
►ส่วนจัดเก็บหนังสือเก่า นว.
บนชั้น
  ขอยืม
4. Book การพยาบาล
Book การพยาบาล
สถานะ=หนังสือเก่า
WY152 ศ371 ฉ.4 
  Barcode: 19582
ห้องสมุดวิทยาเขตนครสวรรค์
►ส่วนจัดเก็บหนังสือเก่า นว.
บนชั้น
  ขอยืม
5. Book การพยาบาล
Book การพยาบาล
สถานะ=หนังสือเก่า
WY152 ศ371 ฉ.5 
  Barcode: 19583
ห้องสมุดวิทยาเขตนครสวรรค์
►ส่วนจัดเก็บหนังสือเก่า นว.
บนชั้น
  ขอยืม

รายการใกล้เคียง
    หัวเรื่อง [การพยาบาลผู้สูงอายุ]

BibComment


ยังไม่เคยถูกคอมเมนท์

คอมเมนท์ทรัพยากรรายการนี้
  คอมเมนท์: ศาสตร์และศิลป์กา..


 Copyright 2026. Bcnsprnw @Library